00448nam a2200157Ia 450000500170000000800410001702000150005808200150007310000170008824500830010526000420018830000190023065000150024965000130026465000130027720240718052959.0240331s9999 xx 000 0 und d a0719053552 a200.2bJAN aJantzen, G.M 0aBecoming divine :btowards a feminist philosophy of religioncGrace M. Jantzen aUKbManchester university pressc1998 aviii, 296 p ., aPhilosophy aFeminism aReligion